Oceania by Coin Quiz Stats

Quiz not verified by Sporcle

Challenge
Share
Tweet
Score 0/10 Timer 02:00
0 Plays Today
% Correct
Australia
100%
New Zealand
96.9%
Vanuatu
94.7%
Tonga
88.5%
Kiribati
84%
Papua New Guinea
75.6%
Solomon Islands
74%
Fiji
73.3%
Samoa
71%
Tuvalu
64.9%

You're not logged in!

Compare scores with friends on all Sporcle quizzes.
Sign Up with Email
OR
Log In

You Might Also Like...

Show Comments

Extras

Top Quizzes Today


Score Distribution

Your Account Isn't Verified!

In order to create a playlist on Sporcle, you need to verify the email address you used during registration. Go to your Sporcle Settings to finish the process.